000 00624nam a2200217Ia 4500
003 GCL
008 140319s9999 xx 000 0 ara d
040 _aGCL /
_cGCL
082 0 4 _aط
_b239
_bاا
100 1 _aاحمد بهجت
245 1 0 _aانبياء الله للاطفال /
_cاحمد بهجت
260 _a[S.N] :
_bالمختار الاسلامى للطبع والنشر والتوزيع
300 _a173 ص
490 _a
650 0 4 _aالاسلام
650 0 4 _aالسيرة النبوية
650 0 4 _aالاطفال
650 0 4 _aالانبياء
650 0 4 _aالنبوات
942 _2ddc
_cBK
999 _c53606
_d53606